2023 Stanley Cup Playoffs Bracket Quiz - Statistics

General Stats
  • This quiz has been taken 228 times
  • The average score is 10 of 16
Answers on the Map
Answers color-coded by a green-red scale on the quiz's map according to % correct below.
 
Answer Stats
Answer % Correct
Golden Knights
76%
Avalanche
72%
Rangers
70%
Panthers
69%
Kings
68%
Lightning
66%
Jets
64%
Bruins
63%
Oilers
63%
Kraken
60%
Hurricanes
58%
Islanders
56%
Maple Leafs
56%
Stars
56%
Wild
56%
Devils
48%
No matching quizzes found
Score Distribution
Percent of People with Each Score
Percentile by Number Answered
Your Score History
You have not taken this quiz